EPIC: The Musical - All Deities - Statistics

General Stats
  • This quiz has been taken 444 times
  • The average score is 11 of 12
Answer Stats
Answer % Correct
Zeus
100%
Ares
98%
Hera
98%
Aphrodite
97%
Athena
97%
Apollo
96%
Poseidon
96%
Hermes
94%
Circe
91%
Hephaestus
91%
Calypso
86%
Aeolus
76%
No matching quizzes found
Score Distribution
Percent of People with Each Score
Percentile by Number Answered
Your Score History
You have not taken this quiz